000
003070000a22001450004500
003
MACL
040
_a
MACL
090
_c
33296
_d
33294
100
_a
Arick, Martin R
245
_a
Unix Shell
260
_b
BP B Publications
_c
1992
350
_a
120
650
_a
Computer probraming
942
_c
BOOK
_k
005/Ari
999
_c
32947
_d
32947